| 000 | 00442nam a2200169Ia 4500 | ||
|---|---|---|---|
| 008 | 210719s2016 xx 000 0 und d | ||
| 041 | _aeng | ||
| 082 | _a820.43 FERM | ||
| 100 | _aFERNANDES (Lancy) | ||
| 245 | _aMy encounter with questions | ||
| 260 |
_aBengaluru _c2016 |
||
| 300 |
_ax,188 _bPB |
||
| 365 |
_b150 _cRs |
||
| 650 | _aIndian English Prose | ||
| 650 | _aIndian English Prose | ||
| 906 | _aencounter ; My ; questions ; with | ||
| 999 |
_c215715 _d215715 |
||